[Event "11th EUR-ch"]
[Site "Rijeka CRO"]
[Date "2010.03.07"]
[Round "2"]
[White "Potkin, Vladimir"]
[Black "Goganov, Alexei"]
[Result "1-0"]
[WhiteElo "2606"]
[BlackElo "2492"]
[EventDate "2010.03.06"]
[PlyCount "55"]

1.d4 d5 2.c4 c6 3.Nf3 Nf6 4.e3 Bf5 5.Nc3 e6 6.Nh4 Be4 7.f3 Bg6 8.Qb3 Qc7 
9.Bd2 Be7 10.O-O-O dxc4 11.Bxc4 b5 12.Be2 a6 13.Nxg6 hxg6 14.Ne4 Nxe4 15.
fxe4 c5 16.Kb1 Rxh2 17.Ba5 Qg3 18.Bxb5+ axb5 19.Qxb5+ Nd7 20.dxc5 Kf8 21.
Qxd7 Qxg2 22.Rxh2 Qxh2 23.c6 Qe5 24.c7 Qxe4+ 25.Ka1 Qc4 26.Rh1 f5 27.a3 
Kf7 28.Rd1 1-0

[Event "11th EUR-ch"]
[Site "Rijeka CRO"]
[Date "2010.03.07"]
[Round "2"]
[White "Stern, Rene"]
[Black "Safarli, Eltaj"]
[Result "0-1"]
[WhiteElo "2501"]
[BlackElo "2606"]
[EventDate "2010.03.06"]
[PlyCount "130"]

1.d4 Nf6 2.c4 g6 3.Nc3 d5 4.Nf3 Bg7 5.e3 O-O 6.Be2 c5 7.dxc5 Qa5 8.cxd5 
Nxd5 9.Qxd5 Bxc3+ 10.Bd2 Rd8 11.Qxd8+ Qxd8 12.Bxc3 Qc7 13.b4 a5 14.a3 axb4
15.Bxb4 Na6 16.O-O Nxc5 17.Rfc1 b6 18.Rc3 Bb7 19.Rac1 Qd6 20.h3 Qf6 21.
Bxc5 bxc5 22.Ne1 Ra4 23.Bf3 Ba6 24.Nd3 Bxd3 25.Rxd3 Ra5 26.Rdc3 Qd6 27.a4 
Rxa4 28.Rxc5 h5 29.Rc6 Qe5 30.R6c5 Qf6 31.Rc6 e6 32.R6c4 Rxc4 33.Rxc4 Qa1+
34.Kh2 Qa2 35.Rc8+ Kg7 36.Kg1 Qb1+ 37.Kh2 Qb2 38.Kg1 Qa1+ 39.Kh2 Qa2 40.
Kg1 Qb1+ 41.Kh2 e5 42.e4 h4 43.Rc7 Qb2 44.Kg1 Qd2 45.Kf1 Kh6 46.Rc5 f5 47.
Rd5 Qc1+ 48.Rd1 Qc4+ 49.Kg1 fxe4 50.Bg4 Qc3 51.Kf1 e3 52.fxe3 Qxe3 53.Re1 
Qd3+ 54.Be2 Qd4 55.Bf3 g5 56.Re4 Qc5 57.Rg4 Kg6 58.Be4+ Kf6 59.Bf3 Qb6 60.
Re4 Kf5 61.Rg4 Qe3 62.Rc4 Qd3+ 63.Be2 Qb1+ 64.Kf2 e4 65.Rc6 e3+ 0-1

[Event "11th EUR-ch"]
[Site "Rijeka CRO"]
[Date "2010.03.07"]
[Round "2"]
[White "Lenic, Luka"]
[Black "Sulashvili, Malkhaz"]
[Result "1/2-1/2"]
[WhiteElo "2603"]
[BlackElo "2490"]
[EventDate "2010.03.06"]
[PlyCount "29"]

1.d4 d5 2.c4 c6 3.Nf3 Nf6 4.e3 e6 5.Bd3 Nbd7 6.b3 Bb4+ 7.Nbd2 e5 8.dxe5 
Bc3 9.Rb1 Nxe5 10.Nxe5 Bxe5 11.O-O O-O 12.cxd5 Qxd5 13.Nf3 Bc7 14.Bb2 Bf5 
15.Bxf5 1/2-1/2

[Event "11th EUR-ch"]
[Site "Rijeka CRO"]
[Date "2010.03.07"]
[Round "2"]
[White "Hovhannisyan, Robert"]
[Black "Kozul, Zdenko"]
[Result "1-0"]
[WhiteElo "2498"]
[BlackElo "2602"]
[EventDate "2010.03.06"]
[PlyCount "115"]

1.e4 c5 2.Nf3 d6 3.d4 cxd4 4.Nxd4 Nf6 5.Nc3 Nc6 6.Bg5 e6 7.Qd2 a6 8.O-O-O 
Bd7 9.Nxc6 Bxc6 10.Qe1 Be7 11.e5 Nd5 12.Bxe7 Qxe7 13.Nxd5 Bxd5 14.c4 Rc8 
15.Kb1 Bxc4 16.exd6 Qd7 17.Bxc4 Rxc4 18.Rc1 Rxc1+ 19.Qxc1 f6 20.Qd2 O-O 
21.f4 Rd8 22.Rd1 Qc6 23.g4 Kf7 24.g5 Qd5 25.Qe2 Qf5+ 26.Ka1 Qxf4 27.gxf6 
Rxd6 28.Rf1 Qg5 29.fxg7+ Kxg7 30.Qf3 Rd8 31.Qxb7+ Kh8 32.Qxa6 e5 33.a3 Qe7
34.Qf6+ Qxf6 35.Rxf6 Kg7 36.Rf2 Kg6 37.Kb1 Kg5 38.Kc2 e4 39.h3 Rd3 40.a4 
Rxh3 41.Rf1 Rh2+ 42.Kc3 e3 43.a5 e2 44.Re1 Kf4 45.b4 Ke3 46.a6 Rh6 47.b5 
Rd6 48.a7 Rd3+ 49.Kb4 Rd4+ 50.Kc5 Ra4 51.b6 Kd2 52.b7 Ra5+ 53.Kb6 Kxe1 54.
a8=Q Rxa8 55.bxa8=Q h5 56.Kc5 h4 57.Kd4 Kf2 58.Qf8+ 1-0

[Event "11th EUR-ch"]
[Site "Rijeka CRO"]
[Date "2010.03.07"]
[Round "2"]
[White "Siugirov, Sanan"]
[Black "Chirila, Ioan-Cristian"]
[Result "0-1"]
[WhiteElo "2602"]
[BlackElo "2487"]
[EventDate "2010.03.06"]
[PlyCount "76"]

1.e4 e5 2.Nf3 Nc6 3.Bb5 a6 4.Ba4 Nf6 5.O-O b5 6.Bb3 Be7 7.Re1 d6 8.c3 O-O 
9.h3 Na5 10.Bc2 c5 11.d4 Nd7 12.d5 Nb6 13.Nbd2 g6 14.a4 c4 15.axb5 axb5 
16.Nf1 Bd7 17.Ng3 Na4 18.Rb1 Nc5 19.Bh6 Re8 20.Be3 Nab3 21.Nd2 Nxd2 22.
Qxd2 Ra2 23.Ne2 Qc7 24.Rf1 Bf8 25.f4 exf4 26.Rxf4 Bh6 27.Rh4 Bg7 28.Nd4 
Qd8 29.Bg5 f6 30.Bh6 g5 31.Rh5 Re5 32.Nf3 Qe7 33.Nxe5 Qxe5 34.Bxg5 Be8 35.
Bf4 Qxh5 36.Bxd6 Nd7 37.Bd1 Qg6 38.Bg4 f5 0-1

[Event "11th EUR-ch"]
[Site "Rijeka CRO"]
[Date "2010.03.07"]
[Round "2"]
[White "Fercec, Nenad"]
[Black "Alexandrov, Alexei"]
[Result "0-1"]
[WhiteElo "2492"]
[BlackElo "2601"]
[EventDate "2010.03.06"]
[PlyCount "82"]

1.e4 e5 2.Nf3 Nc6 3.Bb5 Nf6 4.O-O Nxe4 5.d4 Nd6 6.Bxc6 dxc6 7.dxe5 Nf5 8.
Qxd8+ Kxd8 9.Nc3 Bd7 10.h3 h6 11.Bf4 Kc8 12.a3 b6 13.Rad1 Ne7 14.Rd2 c5 
15.Rfd1 Be6 16.g4 Kb7 17.Bg3 Ng6 18.Nd5 Be7 19.Nxe7 Nxe7 20.Nh2 g5 21.Nf1 
Nc6 22.f3 Rae8 23.Kf2 h5 24.Ne3 Bc8 25.Nd5 hxg4 26.hxg4 Nxe5 27.Nf6 Re6 
28.Re2 Nc4 29.Rxe6 Bxe6 30.Ne4 Rg8 31.a4 f5 32.gxf5 Bxf5 33.b3 Na3 34.Rd5 
Bxe4 35.fxe4 Nxc2 36.Rd7 Rf8+ 37.Kg1 Re8 38.Rxc7+ Ka6 39.e5 Nd4 40.Kg2 
Nxb3 41.Kf3 Nd2+ 0-1

[Event "11th EUR-ch"]
[Site "Rijeka CRO"]
[Date "2010.03.07"]
[Round "2"]
[White "Romanov, Evgeny"]
[Black "Gallagher, Joseph"]
[Result "1/2-1/2"]
[WhiteElo "2600"]
[BlackElo "2486"]
[EventDate "2010.03.06"]
[PlyCount "33"]

1.d4 Nf6 2.c4 g6 3.Nc3 Bg7 4.e4 d6 5.h3 O-O 6.Be3 Na6 7.Nf3 e5 8.dxe5 dxe5
9.c5 b6 10.Qa4 Nxc5 11.Bxc5 bxc5 12.Bc4 Bb7 13.O-O Qe8 14.Bb5 Qe6 15.Bc4 
Qe8 16.Bb5 Qe6 17.Bc4 1/2-1/2

[Event "11th EUR-ch"]
[Site "Rijeka CRO"]
[Date "2010.03.07"]
[Round "2"]
[White "Ekstrom, Roland"]
[Black "Lupulescu, Constantin"]
[Result "0-1"]
[WhiteElo "2491"]
[BlackElo "2598"]
[EventDate "2010.03.06"]
[PlyCount "86"]

1.d4 Nf6 2.c4 c5 3.Nf3 e6 4.Nc3 cxd4 5.Nxd4 a6 6.Bg5 b6 7.e4 d6 8.Be2 Nbd7
9.f4 Bb7 10.Bf3 Qc7 11.Rc1 Be7 12.f5 e5 13.Nde2 O-O 14.Nd5 Nxd5 15.cxd5 
Qd8 16.Bxe7 Qxe7 17.O-O Rfc8 18.Qd2 a5 19.Ng3 Ba6 20.Rxc8+ Rxc8 21.Rc1 
Rxc1+ 22.Qxc1 Nc5 23.Qe3 f6 24.Be2 Qb7 25.Nf1 Bxe2 26.Qxe2 b5 27.Nd2 a4 
28.h4 h6 29.Kh2 Kf8 30.g4 b4 31.Kg3 a3 32.b3 Qa6 33.Qxa6 Nxa6 34.Kf3 Nc5 
35.Ke3 h5 36.gxh5 Kg8 37.h6 Kh7 38.hxg7 Kxg7 39.h5 Kh6 40.Nc4 Nxb3 41.Nxd6
Nd4 42.Nc4 b3 43.d6 bxa2 0-1

[Event "11th EUR-ch"]
[Site "Rijeka CRO"]
[Date "2010.03.07"]
[Round "2"]
[White "Swiercz, Dariusz"]
[Black "Erdos, Viktor"]
[Result "0-1"]
[WhiteElo "2488"]
[BlackElo "2593"]
[EventDate "2010.03.06"]
[PlyCount "63"]

1.d4 Nf6 2.c4 e6 3.Nf3 d5 4.g3 dxc4 5.Bg2 a6 6.O-O b5 7.Ne5 Nd5 8.a4 Bb7 
9.e4 Nf6 10.axb5 axb5 11.Rxa8 Bxa8 12.Nc3 c6 13.Bg5 Be7 14.Qa1 Bb7 15.Qa7 
Qc8 16.d5 O-O 17.dxe6 fxe6 18.Bh3 Na6 19.Be3 Bd6 20.f4 Re8 21.Ra1 Qb8 22.
Qb6 Qc7 23.Qa7 Qb8 24.Qb6 Nb4 25.Rd1 Bxe5 26.fxe5 Nd7 27.Qa5 Nd3 28.Ne2 
N7xe5 29.Nd4 h6 30.Rf1 c5 31.Nxb5 Bc6 32.Nc3 0-1

[Event "11th EUR-ch"]
[Site "Rijeka CRO"]
[Date "2010.03.07"]
[Round "2"]
[White "Kotronias, Vasilios"]
[Black "Nigalidze, Gaioz"]
[Result "1-0"]
[WhiteElo "2593"]
[BlackElo "2486"]
[EventDate "2010.03.06"]
[PlyCount "65"]

1.e4 c5 2.Nf3 Nc6 3.d4 cxd4 4.Nxd4 Nf6 5.Nc3 e5 6.Ndb5 d6 7.Bg5 a6 8.Na3 
b5 9.Nd5 Be7 10.Bxf6 Bxf6 11.c4 Nd4 12.cxb5 Be6 13.Bc4 axb5 14.Bxb5+ Kf8 
15.Bc4 Qa5+ 16.Qd2 Bd8 17.Qxa5 Bxa5+ 18.Kd1 f5 19.f3 Kf7 20.Nc2 Rhe8 21.b3
Nxc2 22.Kxc2 Bxd5 23.exd5 Bb4 24.a4 Ra5 25.g4 fxg4 26.fxg4 e4 27.Raf1+ Kg6
28.h4 Rc8 29.Rf5 h6 30.h5+ Kh7 31.Rh3 Rxc4+ 32.bxc4 Rxa4 33.Rb3 1-0

[Event "11th EUR-ch"]
[Site "Rijeka CRO"]
[Date "2010.03.07"]
[Round "2"]
[White "Berescu, Alin-Mile"]
[Black "Salgado Lopez, Ivan"]
[Result "1/2-1/2"]
[WhiteElo "2486"]
[BlackElo "2592"]
[EventDate "2010.03.06"]
[PlyCount "63"]

1.e4 e5 2.Nf3 Nc6 3.Bb5 Nf6 4.Nc3 Bd6 5.d3 a6 6.Bxc6 dxc6 7.h3 Nd7 8.Be3 
O-O 9.O-O Re8 10.Nh2 Nc5 11.Ne2 Ne6 12.Qd2 c5 13.Rae1 Bf8 14.f4 exf4 15.
Nxf4 c4 16.Nd5 cxd3 17.cxd3 f6 18.Ng4 Kh8 19.Qc3 a5 20.a3 Ra6 21.Kh1 b5 
22.Rc1 c5 23.Bg1 Bb7 24.Nf4 Nxf4 25.Rxf4 Rd6 26.Rf3 c4 27.dxc4 Bxe4 28.Rg3
bxc4 29.Qxc4 Rc6 30.Qg8+ Kxg8 31.Nh6+ Kh8 32.Nf7+ 1/2-1/2

[Event "11th EUR-ch"]
[Site "Rijeka CRO"]
[Date "2010.03.07"]
[Round "2"]
[White "Stocek, Jiri"]
[Black "Mrva, Martin"]
[Result "1-0"]
[WhiteElo "2591"]
[BlackElo "2485"]
[EventDate "2010.03.06"]
[PlyCount "107"]

1.d4 Nf6 2.c4 g6 3.Nc3 Bg7 4.Nf3 O-O 5.Bf4 c5 6.d5 Nh5 7.Be5 Bxe5 8.Nxe5 
d6 9.Nf3 e5 10.dxe6 Bxe6 11.e3 Nc6 12.Be2 Nf6 13.Ng5 Bf5 14.O-O Qe7 15.Rc1
Rad8 16.Qd2 Nb4 17.a3 Nc6 18.b3 Na5 19.Bd1 b6 20.e4 Bg4 21.Bxg4 Nxb3 22.
Qf4 Nxc1 23.Rxc1 Qe5 24.Qxe5 dxe5 25.Bd1 Rd3 26.Nf3 Re8 27.Be2 Rdd8 28.g3 
Kg7 29.Kg2 h6 30.a4 a5 31.Rc2 Rd6 32.Nd2 Nd7 33.Nd5 Nf8 34.f4 exf4 35.gxf4
Ne6 36.Nf3 g5 37.f5 g4 38.fxe6 gxf3+ 39.Bxf3 fxe6 40.e5 Rdd8 41.Nf6 Re7 
42.Rb2 h5 43.Rxb6 Kg6 44.Be4+ Kg5 45.Rd6 Rb8 46.Kg3 h4+ 47.Kf3 Rb2 48.Rd8 
Rg7 49.Nh7+ Kh5 50.Nf6+ Kg5 51.Rd1 h3 52.Ke3 Kh6 53.Rd8 Rb3+ 54.Kf4 1-0

[Event "11th EUR-ch"]
[Site "Rijeka CRO"]
[Date "2010.03.07"]
[Round "2"]
[White "Levin, Evgeny"]
[Black "Golod, Vitali"]
[Result "1/2-1/2"]
[WhiteElo "2486"]
[BlackElo "2590"]
[EventDate "2010.03.06"]
[PlyCount "110"]

1.d4 Nf6 2.c4 e6 3.Nf3 d5 4.Bg5 h6 5.Bxf6 Qxf6 6.Nbd2 Be7 7.g3 c5 8.Bg2 
cxd4 9.O-O O-O 10.cxd5 exd5 11.Nb3 d3 12.Qxd3 Qxb2 13.Nfd4 Nc6 14.Rfb1 Qa3
15.Nb5 Qa6 16.Nc7 Qxd3 17.exd3 Rb8 18.Nxd5 Bd6 19.Rc1 Rd8 20.Rab1 Kf8 21.
Kf1 Bf5 22.Be4 Ba3 23.Rc3 Bh3+ 24.Kg1 Bd6 25.d4 Be6 26.Ne3 Bxb3 27.Rcxb3 
Nxd4 28.Rxb7 Ne2+ 29.Kg2 Nc3 30.Rxb8 Bxb8 31.Rb4 Bd6 32.Rc4 Nxe4 33.Rxe4 
Bc5 34.Nc4 Rd4 35.Rxd4 Bxd4 36.Kf3 Ke7 37.Ne3 Ke6 38.Ke4 Bxe3 39.Kxe3 Ke5 
40.Kd3 Kd5 41.f3 f6 42.Kc3 Kc5 43.a3 f5 44.Kd3 g5 45.h3 h5 46.h4 gxh4 47.
gxh4 Kd5 48.Ke3 Ke5 49.a4 a6 50.a5 f4+ 51.Kd3 Kd5 52.Kc3 Kc5 53.Kd3 Kd5 
54.Kc3 Kc5 55.Kd3 Kd5 1/2-1/2

[Event "11th EUR-ch"]
[Site "Rijeka CRO"]
[Date "2010.03.07"]
[Round "2"]
[White "Nabaty, Tamir"]
[Black "Gyimesi, Zoltan"]
[Result "1/2-1/2"]
[WhiteElo "2485"]
[BlackElo "2586"]
[EventDate "2010.03.06"]
[PlyCount "75"]

1.e4 c6 2.d4 d5 3.f3 e6 4.Nc3 Bb4 5.Bd2 Nf6 6.e5 Nfd7 7.Nce2 Bxd2+ 8.Qxd2 
b6 9.f4 Ba6 10.Nf3 c5 11.c3 Nc6 12.g4 h5 13.gxh5 Bxe2 14.Bxe2 Rxh5 15.Ng5 
Rh4 16.f5 cxd4 17.fxe6 Ndxe5 18.exf7+ Nxf7 19.Ne6 Qe7 20.Nxg7+ Kf8 21.Nf5 
Qe4 22.Rf1 Rxh2 23.Nd6 Qh4+ 24.Kd1 Ne5 25.cxd4 Rxe2 26.Kxe2 Qh5+ 27.Kf2 
Nxd6 28.dxe5 Qxe5 29.Qc3 Qxc3 30.bxc3 Ke7 31.Rh1 Kd7 32.Ke3 Kc6 33.Kd4 
Nb5+ 34.Kd3 Kc5 35.a4 Nd6 36.Rh7 Nc4 37.Rb1 a6 38.Rc7+ 1/2-1/2

[Event "11th EUR-ch"]
[Site "Rijeka CRO"]
[Date "2010.03.07"]
[Round "2"]
[White "Miron, Lucian-Costin"]
[Black "Melkumian, Hrant"]
[Result "0-1"]
[WhiteElo "2482"]
[BlackElo "2582"]
[EventDate "2010.03.06"]
[PlyCount "78"]

1.d4 Nf6 2.c4 g6 3.Nc3 d5 4.Nf3 Bg7 5.Qb3 dxc4 6.Qxc4 a6 7.e4 O-O 8.e5 b5 
9.Qb3 Nfd7 10.Ng5 Nb6 11.Be3 Nc6 12.Rd1 Na5 13.Qb4 Nc6 14.Qb3 Na5 15.Qb4 
Nc6 16.Qc5 Qe8 17.Bd3 Bb7 18.e6 f5 19.d5 Nd8 20.Bd4 Rf6 21.Bc2 Nc4 22.b3 
Nd6 23.Nf3 Rxe6+ 24.Kf1 Bxd4 25.Qxd4 Rf6 26.h4 N8f7 27.Re1 Qf8 28.h5 g5 
29.Re6 h6 30.Rxf6 exf6 31.Qxf6 Qg7 32.Qxg7+ Kxg7 33.Nd4 Kf6 34.f3 b4 35.
Nd1 f4 36.Ne6 Rc8 37.Be4 c6 38.dxc6 Bxc6 39.Bxc6 Kxe6 0-1

[Event "11th EUR-ch"]
[Site "Rijeka CRO"]
[Date "2010.03.07"]
[Round "2"]
[White "Berbatov, Kiprian"]
[Black "Pavasovic, Dusko"]
[Result "0-1"]
[WhiteElo "2481"]
[BlackElo "2579"]
[EventDate "2010.03.06"]
[PlyCount "202"]

1.e4 e5 2.Nf3 Nc6 3.Bb5 Nf6 4.O-O Bc5 5.c3 O-O 6.d4 Bb6 7.Bg5 h6 8.Bh4 d6 
9.a4 a5 10.Re1 exd4 11.Bxc6 bxc6 12.Nxd4 g5 13.Bg3 c5 14.Nb5 Bb7 15.Nd2 
Re8 16.e5 dxe5 17.Nc4 Nd7 18.Nxe5 Nxe5 19.Bxe5 c4 20.Kf1 Bc6 21.Nd4 Qd5 
22.Nxc6 Qxc6 23.Qg4 Re6 24.Bd4 Rae8 25.Rxe6 Rxe6 26.Rd1 Qxa4 27.Bxb6 cxb6 
28.h4 Qb5 29.hxg5 hxg5 30.Rd8+ Kg7 31.Qd4+ Qe5 32.Rd5 Qxd4 33.Rxd4 Rc6 34.
Rd5 f6 35.Rb5 Re6 36.g3 Kf7 37.f4 gxf4 38.gxf4 Ke7 39.Rd5 Rd6 40.Rh5 Ke6 
41.Rb5 Kd7 42.Ke2 Kc6 43.Rh5 Rd5 44.Rh6 Rf5 45.Ke3 Kd6 46.Ke4 Ke6 47.Rh2 
Rd5 48.Rh6 Rb5 49.Rh2 a4 50.Kd4 Rc5 51.Rh8 Kf5 52.Ra8 Kxf4 53.Rxa4 Re5 54.
Ra6 Rb5 55.Ra1 f5 56.Rf1+ Kg4 57.Rg1+ Kf3 58.Rf1+ Kg2 59.Rf4 Kg3 60.Rf1 
Rc5 61.Ke3 Re5+ 62.Kd4 Re4+ 63.Kd5 Kg4 64.Rg1+ Kh5 65.Rf1 Kg5 66.Rg1+ Rg4 
67.Re1 Rg2 68.Kxc4 Rxb2 69.Rg1+ Kf4 70.Rf1+ Ke4 71.Re1+ Kf4 72.Rf1+ Kg5 
73.Rg1+ Kf6 74.Rf1 Re2 75.Kb5 Re6 76.c4 Kg5 77.Rg1+ Kf6 78.Rf1 Rd6 79.c5 
bxc5 80.Kxc5 Rd2 81.Kc4 Ke5 82.Kc3 Rd5 83.Re1+ Kf4 84.Kc4 Rd2 85.Kc3 Ra2 
86.Kd4 Rf2 87.Rd1 Kg3 88.Rd3+ Kg2 89.Ke5 f4 90.Kf5 Rf3 91.Rd4 Kg3 92.Kg5 
Rf1 93.Ra4 f3 94.Rg4+ Kf2 95.Ra4 Rb1 96.Kh4 Re1 97.Kh3 Rh1+ 98.Kg4 Kg2 99.
Ra3 Rh8 100.Kf4 Rf8+ 101.Kg4 Rg8+ 0-1

[Event "11th EUR-ch"]
[Site "Rijeka CRO"]
[Date "2010.03.07"]
[Round "2"]
[White "Bosiocic, Marin"]
[Black "Smirnov, Artem"]
[Result "1-0"]
[WhiteElo "2577"]
[BlackElo "2435"]
[EventDate "2010.03.06"]
[PlyCount "64"]

1.d4 Nf6 2.c4 c5 3.d5 e5 4.Nc3 d6 5.e4 Be7 6.g3 Nbd7 7.Bg2 a6 8.a4 O-O 9.
Nf3 Ne8 10.O-O g6 11.Ne1 Ng7 12.Nd3 f5 13.Bd2 Bg5 14.a5 Bxd2 15.Qxd2 Nf6 
16.f3 Bd7 17.Ne2 b5 18.axb6 Qxb6 19.Ra3 Ra7 20.Rfa1 Bc8 21.Qa5 Qxa5 22.
Rxa5 g5 23.h3 h5 24.Nf2 g4 25.hxg4 hxg4 26.f4 exf4 27.Nxf4 Re8 28.Re1 Ngh5
29.e5 dxe5 30.Nxh5 Nxh5 31.Rxc5 e4 32.Kh2 Kf8 1-0

[Event "11th EUR-ch"]
[Site "Rijeka CRO"]
[Date "2010.03.07"]
[Round "2"]
[White "Dvirnyy, Danyyil"]
[Black "Arutinian, David"]
[Result "1/2-1/2"]
[WhiteElo "2450"]
[BlackElo "2576"]
[EventDate "2010.03.06"]
[PlyCount "42"]

1.e4 c6 2.d4 d5 3.Nc3 dxe4 4.Nxe4 Bf5 5.Ng3 Bg6 6.h4 h6 7.Nf3 Nd7 8.h5 Bh7
9.Bd3 Bxd3 10.Qxd3 e6 11.Bf4 Qa5+ 12.Bd2 Bb4 13.c3 Be7 14.c4 Qc7 15.O-O-O 
Ngf6 16.Ne4 b5 17.c5 Nxe4 18.Qxe4 Nf6 19.Qe5 Rc8 20.Qxc7 Rxc7 21.Ne5 Nd5 
1/2-1/2

[Event "11th EUR-ch"]
[Site "Rijeka CRO"]
[Date "2010.03.07"]
[Round "2"]
[White "Reinderman, Dimitri"]
[Black "Potapov, Pavel"]
[Result "1-0"]
[WhiteElo "2576"]
[BlackElo "2427"]
[EventDate "2010.03.06"]
[PlyCount "83"]

1.e4 c5 2.Nf3 Nc6 3.d4 cxd4 4.Nxd4 e5 5.Nb5 d6 6.N1c3 a6 7.Na3 Be7 8.Nc4 
b5 9.Ne3 Nf6 10.g3 O-O 11.Bg2 b4 12.Ncd5 Nxd5 13.Nxd5 Bg5 14.Bxg5 Qxg5 15.
O-O Rb8 16.Qd3 a5 17.a3 bxa3 18.Rxa3 Be6 19.b3 Rfc8 20.Ne3 Qe7 21.Rfa1 Rb6
22.Qd1 h6 23.Bf1 Rbb8 24.Nc4 Bxc4 25.Bxc4 Kh8 26.c3 Rf8 27.Ra4 Qc7 28.R1a2
f5 29.exf5 Rxf5 30.Qg4 Rf6 31.Qe4 Qb6 32.b4 d5 33.Bxd5 Rbf8 34.bxa5 Nxa5 
35.Rxa5 Rxf2 36.Kh1 Rb2 37.Ra8 Rb1+ 38.Kg2 Qg1+ 39.Kh3 Qf1+ 40.Qg2 Qf5+ 
41.g4 Qd3+ 42.Qf3 1-0

[Event "11th EUR-ch"]
[Site "Rijeka CRO"]
[Date "2010.03.07"]
[Round "2"]
[White "Monjac, Mislav"]
[Black "Yemelin, Vasily"]
[Result "0-1"]
[WhiteElo "1876"]
[BlackElo "2576"]
[EventDate "2010.03.06"]
[PlyCount "92"]

1.e4 c5 2.Nf3 e6 3.c3 d5 4.exd5 Qxd5 5.d4 Nf6 6.Be2 Nc6 7.O-O cxd4 8.cxd4 
Be7 9.Nc3 Qd8 10.Be3 O-O 11.Ne5 Nb4 12.Qb3 Nfd5 13.a3 Nxe3 14.fxe3 Nc6 15.
Nxc6 bxc6 16.Bf3 Ba6 17.Rfe1 Rb8 18.Qa4 Qb6 19.b4 Bb5 20.Nxb5 cxb5 21.Qb3 
a5 22.bxa5 Qxa5 23.a4 b4 24.Rac1 Rbc8 25.Bc6 Qb6 26.Bb5 g6 27.Rc4 Rxc4 28.
Qxc4 Bd6 29.Rc1 h5 30.h3 Rb8 31.Rf1 Qd8 32.Qe2 Kg7 33.Qf3 Qe7 34.Rc1 e5 
35.dxe5 Qxe5 36.Rf1 Qh2+ 37.Kf2 Qe5 38.Kg1 Qh2+ 39.Kf2 Rc8 40.Ke2 f5 41.
Qb7+ Rc7 42.Qd5 Rc2+ 43.Kd3 Rxg2 44.Qd4+ Kh7 45.Qf6 Rd2+ 46.Kc4 Qe2+ 0-1

[Event "11th EUR-ch"]
[Site "Rijeka CRO"]
[Date "2010.03.07"]
[Round "2"]
[White "Hera, Imre jr"]
[Black "Firat, Burak"]
[Result "1-0"]
[WhiteElo "2574"]
[BlackElo "2398"]
[EventDate "2010.03.06"]
[PlyCount "41"]

1.c4 c6 2.e4 d5 3.exd5 cxd5 4.d4 Nf6 5.Nc3 e6 6.Nf3 Bb4 7.cxd5 Nxd5 8.Bd2 
O-O 9.Bd3 Nc6 10.O-O Nce7 11.Qe1 Bd6 12.Qe4 Nf5 13.Qg4 Nf6 14.Qh3 Be7 15.
Rad1 g6 16.Bg5 b6 17.Bxf5 exf5 18.Qh4 Qd6 19.Rfe1 Bd8 20.Bh6 Re8 21.Qxf6 
1-0

[Event "11th EUR-ch"]
[Site "Rijeka CRO"]
[Date "2010.03.07"]
[Round "2"]
[White "Mastrovasilis, Dimitrios"]
[Black "Raznikov, Danny"]
[Result "1-0"]
[WhiteElo "2574"]
[BlackElo "2331"]
[EventDate "2010.03.06"]
[PlyCount "121"]

1.e4 c5 2.Nf3 d6 3.d4 Nf6 4.Bb5+ Bd7 5.Bxd7+ Qxd7 6.dxc5 Nxe4 7.cxd6 Nxd6 
8.O-O Nc6 9.Bf4 O-O-O 10.Qe2 Qf5 11.Be3 e6 12.c4 Be7 13.Nc3 Qg4 14.Nb5 Nf5
15.Rfe1 a6 16.Bb6 Rd7 17.h3 Qf4 18.Na7+ Nxa7 19.Bxa7 Bf6 20.Rac1 Ne7 21.b4
Qf5 22.Bb6 Qd3 23.Qxd3 Rxd3 24.Ne5 Bxe5 25.Rxe5 Kb8 26.Kf1 Rc8 27.Re3 Rxe3
28.Bxe3 b5 29.Bc5 Nc6 30.cxb5 axb5 31.a4 Kb7 32.Ra1 bxa4 33.Rxa4 Ra8 34.
Rxa8 Kxa8 35.Ke2 Kb7 36.b5 Nb8 37.Kd3 Nd7 38.Bd4 g6 39.g4 Kc7 40.Ke4 Kd6 
41.Be3 Kc7 42.g5 Kb7 43.Kd4 Kc8 44.Kc4 Kc7 45.Bd4 Kb7 46.Kb4 Kc7 47.Ka5 
Kb7 48.f3 Nb8 49.f4 Nd7 50.b6 Kc6 51.Ka6 Kd5 52.Be5 Kc6 53.Bc7 Nc5+ 54.Ka7
Nd7 55.Bd8 Nc5 56.Be7 Nd7 57.b7 Kd5 58.Bf6 Ke4 59.Be5 Kf3 60.Bd6 Ke4 61.
Ka6 1-0

[Event "11th EUR-ch"]
[Site "Rijeka CRO"]
[Date "2010.03.07"]
[Round "2"]
[White "Almasi, Zoltan"]
[Black "Partys, Petr"]
[Result "1-0"]
[WhiteElo "2720"]
[BlackElo "1977"]
[EventDate "2010.03.06"]
[PlyCount "63"]

1.e4 c5 2.Nf3 e6 3.d4 cxd4 4.Nxd4 Nf6 5.Nc3 d6 6.Be3 Be7 7.f3 Nc6 8.Qd2 
Bd7 9.Ndb5 d5 10.exd5 exd5 11.Nxd5 Nxd5 12.Qxd5 O-O 13.O-O-O Be6 14.Qxd8 
Rfxd8 15.Rxd8+ Rxd8 16.a3 a6 17.Nc3 b5 18.Be2 Rc8 19.Ne4 Na5 20.Rd1 Nc4 
21.Bf4 Bf5 22.Bd3 h6 23.Kb1 Rc6 24.Re1 Re6 25.a4 g5 26.axb5 axb5 27.Bc1 
Re5 28.b3 Nd6 29.Bb2 Re6 30.Bc3 Nxe4 31.fxe4 Bg6 32.Bxb5 1-0

[Event "11th EUR-ch"]
[Site "Rijeka CRO"]
[Date "2010.03.07"]
[Round "2"]
[White "Volokytin, Andriy"]
[Black "Ortega, Lexy"]
[Result "1-0"]
[WhiteElo "2687"]
[BlackElo "2479"]
[EventDate "2010.03.06"]
[PlyCount "75"]

1.e4 e5 2.Nf3 Nc6 3.Bb5 Nf6 4.O-O Nxe4 5.d4 Nd6 6.Bxc6 dxc6 7.dxe5 Nf5 8.
Qxd8+ Kxd8 9.h3 Bd7 10.Rd1 Kc8 11.g4 Ne7 12.Ng5 Be8 13.f4 h5 14.Kg2 Ng6 
15.Nc3 b6 16.Nf3 f6 17.exf6 gxf6 18.f5 hxg4 19.hxg4 Nh4+ 20.Nxh4 Rxh4 21.
Kg3 Rh7 22.Ne4 Rf7 23.Bd2 c5 24.Bc3 Be7 25.Rh1 Bc6 26.Rh8+ Kb7 27.Rxa8 
Kxa8 28.Kf4 Kb7 29.Rh1 Rg7 30.Re1 Rf7 31.Nxf6 Bxf6 32.Bxf6 Rxf6 33.g5 Rd6 
34.g6 Rd2 35.f6 Bd5 36.Rf1 Bc4 37.Rf3 Kc6 38.f7 1-0

[Event "11th EUR-ch"]
[Site "Rijeka CRO"]
[Date "2010.03.07"]
[Round "2"]
[White "Boskovic, Drasko"]
[Black "Sargissian, Gabriel"]
[Result "0-1"]
[WhiteElo "2434"]
[BlackElo "2675"]
[EventDate "2010.03.06"]
[PlyCount "76"]

1.e4 e5 2.Nf3 Nc6 3.Bc4 Nf6 4.d3 Bc5 5.c3 d6 6.O-O O-O 7.Bb3 a6 8.Re1 Be6 
9.h3 Bxb3 10.axb3 d5 11.Qe2 h6 12.Nbd2 Re8 13.Nf1 Qd7 14.N3h2 Rad8 15.Ng4 
Nxg4 16.hxg4 a5 17.Ne3 Bxe3 18.Bxe3 b6 19.Rac1 Qe6 20.c4 dxe4 21.dxe4 Nd4 
22.Bxd4 Rxd4 23.Rcd1 Red8 24.Rxd4 Rxd4 25.Rd1 c5 26.Kf1 Qg6 27.Rxd4 cxd4 
28.Qf3 Qg5 29.g3 g6 30.Kg2 Kg7 31.Qd1 h5 32.gxh5 gxh5 33.f4 exf4 34.Qxd4+ 
f6 35.Qxb6 Qxg3+ 36.Kf1 Qf3+ 37.Qf2 Qxf2+ 38.Kxf2 h4 0-1

[Event "11th EUR-ch"]
[Site "Rijeka CRO"]
[Date "2010.03.07"]
[Round "2"]
[White "Womacka, Mathias"]
[Black "Korobov, Anton"]
[Result "1/2-1/2"]
[WhiteElo "2452"]
[BlackElo "2663"]
[EventDate "2010.03.06"]
[PlyCount "133"]

1.e4 c5 2.Nf3 d6 3.d4 cxd4 4.Nxd4 Nf6 5.Nc3 Nc6 6.Be2 e5 7.Nf3 h6 8.O-O 
Be7 9.Re1 O-O 10.h3 a6 11.b3 b5 12.Bf1 Bb7 13.Nd5 Nxd5 14.exd5 Nb8 15.a4 
bxa4 16.Rxa4 Nd7 17.c4 Nc5 18.Ra3 a5 19.Bd2 f5 20.Qc2 Bf6 21.Bc3 Bc8 22.b4
axb4 23.Rxa8 bxc3 24.Qxc3 e4 25.Nd4 Qb6 26.Qd2 Qb7 27.Ra3 Bd7 28.Nc6 Bxc6 
29.dxc6 Qxc6 30.Rb1 Kh7 31.g3 Be5 32.Qd5 Qxd5 33.cxd5 g5 34.Be2 Kg6 35.Bd1
Kf6 36.Bc2 Bd4 37.Ra7 Ke5 38.Rh7 f4 39.gxf4+ Rxf4 40.Rf1 Rf6 41.Kg2 Kxd5 
42.Re7 Re6 43.Rxe6 Kxe6 44.Rb1 Ke5 45.Rb8 Ne6 46.Re8 d5 47.Kf1 Kd6 48.Ra8 
h5 49.Rg8 Bf6 50.Rg6 Ke5 51.Bd1 Nf4 52.Rh6 g4 53.hxg4 h4 54.Kg1 d4 55.Rh7 
d3 56.Ra7 Nh3+ 57.Kg2 Ng5 58.Ra5+ Kd4 59.Ra4+ Kc3 60.f4 exf3+ 61.Bxf3 Kd2 
62.Ra5 h3+ 63.Kg3 Nxf3 64.Kxf3 Bd4 65.Kg3 Kc2 66.Rf5 d2 67.Rf1 1/2-1/2

[Event "11th EUR-ch"]
[Site "Rijeka CRO"]
[Date "2010.03.07"]
[Round "2"]
[White "Meier, Georg"]
[Black "Rasulov, Vugar Ural Oglu"]
[Result "1-0"]
[WhiteElo "2663"]
[BlackElo "2457"]
[EventDate "2010.03.06"]
[PlyCount "81"]

1.d4 Nf6 2.c4 c5 3.d5 e6 4.Nc3 exd5 5.cxd5 d6 6.Nf3 g6 7.Bf4 a6 8.a4 Bg7 
9.h3 O-O 10.e3 Qe7 11.Be2 Nbd7 12.O-O Ne8 13.a5 Rb8 14.Ra3 f5 15.Rb3 Ne5 
16.Na4 Bd7 17.Nb6 Nxf3+ 18.Bxf3 Bb5 19.Be2 Nc7 20.Bc4 Rbd8 21.Qd2 Rfe8 22.
Rd3 Qf7 23.Rc1 Be5 24.Bxe5 Rxe5 25.b4 cxb4 26.Qxb4 Re4 27.Rd4 Rxd4 28.exd4
f4 29.Bb3 Be2 30.f3 g5 31.Bc2 Bb5 32.Qc3 Ne8 33.Re1 Kg7 34.h4 gxh4 35.Re4 
Kh8 36.Qe1 Qf6 37.Re6 Qxd4+ 38.Kh2 Qg7 39.Qxh4 Bf1 40.Rg6 Qc7 41.Be4 1-0

[Event "11th EUR-ch"]
[Site "Rijeka CRO"]
[Date "2010.03.07"]
[Round "2"]
[White "Malakhov, Igor"]
[Black "Beliavsky, Alexander"]
[Result "0-1"]
[WhiteElo "2425"]
[BlackElo "2657"]
[EventDate "2010.03.06"]
[PlyCount "48"]

1.e4 e5 2.Bc4 Nf6 3.d3 c6 4.Nf3 d5 5.Bb3 Bb4+ 6.Bd2 Bxd2+ 7.Qxd2 Qd6 8.Qg5
Nbd7 9.exd5 cxd5 10.Qxg7 Rg8 11.Qh6 Rxg2 12.Nc3 d4 13.Nh4 Rg4 14.Nf5 Qc6 
15.Ne4 Rxe4+ 16.dxe4 Qxe4+ 17.Kd2 Qxf5 18.Rae1 Ng4 19.Qg7 Qf4+ 20.Ke2 b6 
21.Bxf7+ Kd8 22.Bc4 Bb7 23.Bb5 Bf3+ 24.Kd3 Nc5+ 0-1